All countries to compete in the 2016 PDC European Tour - Statistics

General Stats
  • This quiz has been taken 16 times
  • The average score is 18 of 21
Answer Stats
Answer % Correct
Australia
100%
Ireland
100%
Netherlands
100%
Poland
100%
Spain
100%
Sweden
100%
Austria
92%
Belgium
92%
Germany
92%
Italy
92%
South Africa
92%
England
85%
Finland
85%
Greece
85%
Northern Ireland
85%
Scotland
85%
Croatia
77%
Hungary
77%
Wales
77%
Switzerland
62%
Gibraltar
38%
No matching quizzes found
Score Distribution
Percent of People with Each Score
Percentile by Number Answered
Your Score History
You have not taken this quiz